000 00690nas a2200229 4500
001 BR9000319
003 BR-BrBNA
005 20231205091801.0
007 ta
008 230509b bl.|||p| |||| 00| 00por d
040 _aBR-BrBNA
_bpor
_cBiblioteca Nacional de Agricultura
041 _a(Pt)
072 _aK01
100 1 _aLeite, E.J.
100 1 _aHay, J.D.
245 1 _aRegeneracao natural de garapa, Apuleia leicarpa (Vog.)Macbr., numa reserva genetica
650 _aGRAPIAPUNHA
650 _aREGENERACAO
773 0 _tCiencia e Cultura (Brazil)
_xISSN 0009-6725
_g(Aug 1989), v. 41(8) p. 804-807
_wBR9000319
909 _a202311
_bLúcia
_c55
_dLúcia Elande
942 _2AGRIS
_n0
_cANA
999 _c127313
_d127313